000
00399nam a2200133Ia 4500
008
100328s9999 xx 000 0 und d
082
_b
17438
100
_a
रंजीत कर्नल
245
_a
मौत का वारंट
260
_b
शिक्षा भारती
630
_a
मौत का वारंट
730
_a
मौत का वारंट
942
_c
BOOK
999
_c
512013
_d
512010